Responses for show #7911 - Monday, January 21, 2019

Contestants

Humzah Qureshi, an attorney from Washington, D.C.

Kelsey Barcomb, a biomedical scientist from Denver, Colorado

John Presloid, a microbiologist from Perrysburg, Ohio (whose 3-day cash winnings total $67,200)

Jeopardy! Round responses

TEDDY ROOSEVELT, MEET JACKIE ROBINSON
ONE-NAME TV TITLES
THIS & THAT
FILL IN THE FULL PLACE NAME
TRANSPORTATION
3 G CAPABILITY
    $200 13
Georgia

Humzah
    $200 7
Frasier

Kelsey
    $200 26
Stonehenge

Kelsey
    $200 2
Rhode Island

Kelsey
    $200 11
a pickup

Humzah
    $200 21
eggnog

Kelsey
    $400 14
(Kelsey: What is the Bronx?)

Brooklyn

JohnKelsey
    $400 8
Archer

John
    $400 27
Alaska

Humzah
    $400 3
Luxembourg

Humzah
    $400 12
seat belts

Humzah
    $400 22
a gaggle of geese

Kelsey
    $600 15
(Humzah: What is the Bull Moose Party?)

Republican Party

JohnHumzah
    $600 9
Seinfeld

John
    $600 30
(Alex: [*] has landed.)

the "Eagle"

John
    $1,000 4
(Alex: Go for the obvious.)

Phoenix

Humzah
    $600 18
(John: What is an elephant?)
...
(Alex: It's a [*]. A very tall [*].)

a unicycle

John
Triple Stumper
    $600 23
slugging

John
    $800 16
lynching

John
    $800 1
Dexter

Kelsey
    $800 29
summertime

John
    $800 5
Newfoundland

Kelsey
    $800 19
a Segway

Kelsey
    $800 24
rigging

Humzah
    $1000 17
a big stick

John
    $1000 10
Columbo

John
    $1000 28
palmetto

John
    $1000 6
Micronesia

John
    $1000 20
Gulfstream

Humzah
    $1000 25
aggregate

John

Scores at the first commercial break (after clue 15):

John Kelsey Humzah
$4,000 $1,600 $1,600

Scores at the end of the Jeopardy! Round:

John Kelsey Humzah
$9,200 $3,200 $3,800

Double Jeopardy! Round responses

STEAMY SCIENCE
FOREIGN MONEY
LIFE DURING WAR
BUST A MOVIE
POET IDENTIFICATION, PLEASE
RHYME TIME
    $400 18
pastry

John
    $400 22
peso

Kelsey
    $400 28
(John: What is Stalingrad?)

Leningrad

JohnHumzah
    $400 1
Ghostbusters

Humzah
    $400 30
Coleridge

John
    $400 12
a mug hug

Kelsey
    $800 19
(Alex: Breaks the [*], correct.)

bonds

John
    $800 23
the colon

Humzah
    $800 27
bonds

John
    $800 3
Monty Python

Kelsey
    $800 29
(Alex: Fun poet named [*].)

Ogden Nash

Triple Stumper
    $800 13
a fox box

Kelsey
    $10,800 7
(Alex: You've been pretty good at finding Daily Doubles and cashing in on them when you do find them.)
(John: Let's make it a True Daily Double.)
(Alex: Oh, boy. For $21,600, here's the clue...)
...
(Alex: You got it, and you just doubled your score.)

Old Faithful

John
    $1200 10
Guyana

John
    $1200 9
(Humzah: What are Social Security numbers?)

the draft

JohnHumzah
    $1200 4
Phil Collins

Kelsey
    $1200 16
(Humzah: Who is Shakespeare?)

Omar Khayyam

Humzah
Triple Stumper
    $1200 11
a sun gun

Kelsey
    $1600 20
(Humzah: What is evaporation?)

vaporization

JohnHumzah
    $1600 6
(Humzah: What is the real?)

the rand

Humzah
Triple Stumper
    $1600 8
American Revolution

John
    $1600 5
(Jerry) Lewis

John
    $400 17
(Alex: Now you may or may not be aware of the highest score ever... [Laughter] ...recorded for one Jeopardy! program, but if you made this a true Daily Double and responded correctly, you'd be in pretty good shape to top that.)
(John: My husband would kill me. $400.)
...
(Alex: Don't you wish you had bet it all? You're at an even $28,000. Go again.)

(John) Donne

John
    $1600 14
a half laugh

Humzah
    $2000 21
(Humzah: What is anthracite?)
...
(Alex: [*]. Anthracite is much harder.)

bituminous

Humzah
Triple Stumper
    $2000 24
(John: What is a ruble?)
(Humzah: What is a shekel?)

kopeck

JohnHumzah
Triple Stumper
    $2000 15
Thirty Years' War

John
    $2000 2
Richard Pryor

Kelsey
    $2000 26
(Alex: We have four clues and less than a minute now, Humzah.)

Robert Browning

Triple Stumper
    $2000 25
(Alex: And that would be a [*]. It rhymes. Not particularly good, but it rhymes.)

pity ditty

Triple Stumper

Scores at the end of the Double Jeopardy! Round:

John Kelsey Humzah
$29,600 $10,000 -$2,600
(lock game)

[wagering suggestions for these scores]

Final Jeopardy! Round responses

BROADWAY MUSICALS
(Alex: [To John] You were right on track with regard to the seasons, but the four seasons in question here are Frankie Valli and the Four Seasons, and the Broadway musical is [*].)
KelseyWhat is A man for all seasons?
$0
JohnWhat is A Man For All Seasons?
$4,600
Jersey Boys

Final scores:

John Kelsey Humzah
$25,000 $10,000 -$2,600
4-day champion: $92,200 2nd place: $2,000 3rd place: $1,000

Game dynamics:

Coryat scores:

John Kelsey Humzah
$21,200 $10,000 -$3,000
25 R
(including 2 DDs),
3 W
15 R,
1 W
12 R
(including 1 DD),
7 W

Combined Coryat: $28,200

The J! Archive is created by fans, for fans. The Jeopardy! game show and all elements thereof, including but not limited to copyright and trademark thereto, are the property of Jeopardy Productions, Inc. and are protected under law. This website is not affiliated with, sponsored by, or operated by Jeopardy Productions, Inc. Join the discussion at JBoard.tv.